000 00366nam a2200121Ia 4500
008 220204s9999 xx 000 0 und d
082 _a614.71
_bNAR
245 0 _aAtmospheric biopollution: Proceedings of 3rd national conference on aerobiology, 1985
260 _aMaharashtra
_bEnvironmental
_c1987
650 _aBiopollution
700 _aNaresh Chandra
942 _cBK
999 _c39617
_d39617